00318nam a2200121Ia 4500008004100000041000800041082001400049100001200063245005100075260004500126300000800171650001700179220803s9999 xx 000 0 und d aeng a741.2 DOS aDoshi B aAcrobat The Yogi And The Sangathi Vastu Shilpa aAhmedabadbVastu Shilpa Foundationc2006 a26p aBasic Design